| 000 | 00740nam a2200241 i 4500 | ||
|---|---|---|---|
| 001 | 8786 | ||
| 003 | ES-MaACL | ||
| 005 | 20250820122936.0 | ||
| 008 | 920930s1985 sp |||| |bspa d | ||
| 020 | _a84-85041-87-9 | ||
| 080 | _a929 Pla, Josep | ||
| 100 | 1 |
_aBuqueras y Bach, Ignacio, _d1942- _9137449 |
|
| 245 | 1 | 0 |
_aJosep Pla _b: el "seny" irónico / _cIgnacio Buqueras. |
| 260 |
_a[Madrid] : _bSilex, _cD.L. 1985. |
||
| 300 |
_a224 p. ; _c21 cm. |
||
| 490 | 1 | _aRetratos de antaño | |
| 504 | _aBibliografía: p. 224. | ||
| 600 | 1 | 7 |
_aPla, Josep, _d1897-1981- _xBiografías _2 _9164615 |
| 830 | 0 |
_aRetratos de antaño _9180802 |
|
| 852 |
_aES-MaACL _jL-16126 |
||
| 852 |
_aES-MaACL _jL-9280 |
||
| 999 |
_c8786 _d8786 |
||